[Event "Amateur OPEN Championship - Paracin 2019"]
[Site "Dnevni centar klub, Paracin"]
[Date "2019.02.03"]
[Round "6.12"]
[White "Radisavljevic, Dalibor"]
[Black "Micanovic, Zoran"]
[Result "1/2-1/2"]
[WhiteElo "2073"]
[BlackElo "1838"]
[PlyCount "75"]
[EventDate "2019.01.31"]

1. e4 e5 2. Nf3 Nc6 3. Bb5 d6 4. O-O Bd7 5. c3 Be7 6. d4 Bf6 7. Be3 Nge7 8.
Nbd2 O-O 9. d5 Nb8 10. Be2 h6 11. Ne1 g5 12. Nd3 Ng6 13. g4 Kg7 14. f3 Rh8 15.
Kg2 Nf4+ 16. Nxf4 gxf4 17. Bf2 h5 18. h3 Bc8 19. Rh1 Nd7 20. b4 Nf8 21. c4 b6
22. Nb3 Ng6 23. Bd3 Bh4 24. Qe1 Bg3 25. Be2 Qh4 26. Rd1 hxg4 27. hxg4 Qxh1+ 28.
Qxh1 Rxh1 29. Rxh1 Bxf2 30. Kxf2 Bd7 31. a3 Rh8 32. Rxh8 Nxh8 33. b5 f6 34. a4
Nf7 35. Nd2 Kg6 36. Kg2 Nd8 37. Kh2 Nf7 38. Nb3 1/2-1/2

[Event "Amateur OPEN Championship - Paracin 2019"]
[Site "Dnevni centar klub, Paracin"]
[Date "2019.02.03"]
[Round "6.13"]
[White "Zvezdakoski, Matej"]
[Black "Radojkovic, Stefan"]
[Result "1/2-1/2"]
[WhiteElo "1785"]
[BlackElo "2022"]
[PlyCount "29"]
[EventDate "2019.01.31"]

1. e4 c5 2. c4 Nc6 3. Nc3 g6 4. g3 Bg7 5. Bg2 d6 6. Nge2 e6 7. d3 Nge7 8. Be3
Nd4 9. Bxd4 cxd4 10. Nb1 O-O 11. Nd2 d5 12. exd5 exd5 13. c5 Bf5 14. Nb3 Re8
15. O-O 1/2-1/2

[Event "Amateur OPEN Championship - Paracin 2019"]
[Site "Dnevni centar klub, Paracin"]
[Date "2019.02.03"]
[Round "6.14"]
[White "Lazic, Milan B"]
[Black "Mohamed, Saeed Laily"]
[Result "1/2-1/2"]
[WhiteElo "1986"]
[BlackElo "1864"]
[PlyCount "47"]
[EventDate "2019.01.31"]

1. e4 c6 2. d4 d5 3. Nd2 dxe4 4. Nxe4 Nf6 5. Nxf6+ exf6 6. Nf3 Bd6 7. Bd3 O-O
8. O-O Nd7 9. c4 c5 10. Qc2 g6 11. Be3 Qc7 12. h3 Bf4 13. Qd2 Bxe3 14. fxe3 Re8
15. Qf2 b6 16. Rae1 Bb7 17. Qh4 Kg7 18. Nh2 Qd6 19. d5 Ne5 20. Bc2 Ba6 21. Rf4
h6 22. Ng4 Nxg4 23. Qxg4 h5 24. Qf3 1/2-1/2

[Event "Amateur OPEN Championship - Paracin 2019"]
[Site "Dnevni centar klub, Paracin"]
[Date "2019.02.03"]
[Round "6.15"]
[White "Denic, Hana"]
[Black "Dezelin, Milan"]
[Result "0-1"]
[WhiteElo "1748"]
[BlackElo "1980"]
[PlyCount "52"]
[EventDate "2019.01.31"]

1. e4 c5 2. Nf3 Nc6 3. d4 cxd4 4. Nxd4 Nf6 5. Nc3 g6 6. Nb3 Bg7 7. Bg5 d6 8.
Qd2 h6 9. Be3 Ng4 10. O-O-O Nxe3 11. Qxe3 O-O 12. Kb1 Bd7 13. f3 a5 14. Bb5 Ne5
15. Bd3 a4 16. Nc1 a3 17. Nb3 axb2 18. Kxb2 b5 19. Nd4 b4 20. Nce2 Qa5 21. Ra1
Nc6 22. Kc1 Nxd4 23. Nxd4 Qc5 24. c3 Qxc3+ 25. Nc2 b3 26. Rb1 bxc2 0-1